Определение токсичности болотных вод методом биотестирования; Проблемы геологии и освоения недр; Т. 1
| Parent link: | Проблемы геологии и освоения недр: труды XVIII Международного симпозиума имени академика М. А. Усова студентов и молодых ученых, Томск, 7-11 апреля 2014 г./ Национальный исследовательский Томский политехнический университет (ТПУ), Институт природных ресурсов (ИПР) ; Общество инженеров-нефтяников, международная некоммерческая организация, Студенческий чаптер ; под ред. А. Ю. Дмитриева.— , 2014 Т. 1.— [С. 504-506] |
|---|---|
| Päätekijä: | |
| Yhteisötekijä: | |
| Muut tekijät: | , , |
| Yhteenveto: | Заглавие с экрана |
| Kieli: | venäjä |
| Julkaistu: |
|
| Sarja: | Гидрогеохимия и гидрогеоэкология Земли. Геоинформационные системы в гидрогеоэкологии |
| Aiheet: | |
| Linkit: | http://earchive.tpu.ru/handle/11683/65404 http://www.lib.tpu.ru/fulltext/c/2014/C11/V1/242.pdf |
| Aineistotyyppi: | MixedMaterials Elektroninen Kirjan osa |
| KOHA link: | https://koha.lib.tpu.ru/cgi-bin/koha/opac-detail.pl?biblionumber=608305 |
MARC
| LEADER | 00000naa2a2200000 4500 | ||
|---|---|---|---|
| 001 | 608305 | ||
| 005 | 20260319140421.0 | ||
| 035 | |a (RuTPU)RU\TPU\conf\5735 | ||
| 035 | |a RU\TPU\conf\5734 | ||
| 090 | |a 608305 | ||
| 100 | |a 20140925d2014 k y0rusy50 ca | ||
| 101 | 0 | |a rus | |
| 102 | |a RU | ||
| 135 | |a drgn ---uucaa | ||
| 181 | 0 | |a i | |
| 182 | 0 | |a b | |
| 200 | 1 | |a Определение токсичности болотных вод методом биотестирования |f Д. А. Воробьева, В. И. Нефёдова, О. И. Парафейникова |g науч. рук. Н. В. Гусева | |
| 203 | |a Текст |c электронный | ||
| 225 | 1 | |a Гидрогеохимия и гидрогеоэкология Земли. Геоинформационные системы в гидрогеоэкологии | |
| 300 | |a Заглавие с экрана | ||
| 320 | |a [Библиогр.: с. 505-506 (5 назв.)] | ||
| 337 | |a Adobe Reader | ||
| 461 | 1 | |0 (RuTPU)RU\TPU\conf\5590 |t Проблемы геологии и освоения недр |o труды XVIII Международного симпозиума имени академика М. А. Усова студентов и молодых ученых, Томск, 7-11 апреля 2014 г. |o в 2 т. |f Национальный исследовательский Томский политехнический университет (ТПУ), Институт природных ресурсов (ИПР) ; Общество инженеров-нефтяников, международная некоммерческая организация, Студенческий чаптер ; под ред. А. Ю. Дмитриева |d 2014 | |
| 463 | 1 | |0 (RuTPU)RU\TPU\conf\5592 |t Т. 1 |v [С. 504-506] | |
| 610 | 1 | |a труды учёных ТПУ | |
| 610 | 1 | |a электронный ресурс | |
| 610 | 1 | |a токсичность | |
| 610 | 1 | |a болотные воды | |
| 610 | 1 | |a биотестирование | |
| 610 | 1 | |a химический состав | |
| 700 | 1 | |a Воробьева |b Д. А. | |
| 701 | 1 | |a Нефёдова |b В. И. | |
| 701 | 1 | |a Парафейникова |b О. И. | |
| 702 | 1 | |a Гусева |b Н. В. |c гидрогеолог |c профессор Томского политехнического университета, доктор геолого-минералогических наук |f 1984- |g Наталья Владимировна |4 727 |9 12650 | |
| 712 | 0 | 2 | |a Национальный исследовательский Томский политехнический университет (ТПУ) |b Институт природных ресурсов (ИПР) |b Кафедра гидрогеологии, инженерной геологии и гидрогеоэкологии (ГИГЭ) |3 (RuTPU)RU\TPU\col\18664 |
| 801 | 2 | |a RU |b 63413507 |c 20210915 |g RCR | |
| 850 | |a 63413507 | ||
| 856 | 4 | |u http://earchive.tpu.ru/handle/11683/65404 | |
| 856 | 4 | |u http://www.lib.tpu.ru/fulltext/c/2014/C11/V1/242.pdf | |
| 942 | |c BK | ||